Statistics for City Trivia

Click here to take the quiz!

General Stats

  • This quiz has been taken 12 times
  • The average score is 7 of 10

Answer Stats

QuestionAnswer% Correct
City home to the busiest airport in the worldAtlanta
91%
Which city is home to the worlds tallest building?Dubai
91%
City famous for casinosLas Vegas
91%
Most populous city in the U.S.New York
91%
What city has the highest population?Tokyo
91%
Major city with the highest elevationLa Paz
73%
What is the capital of Oman?Muscat
73%
Asian city closest to equator with a population over 3 millionSingapore
45%
Most densely populated city in the worldManila
27%
What city with a population over 1 million is the most isolated in the world?Perth
9%

Score Distribution

Percentile by Number Answered

Percent of People with Each Score

Your Score History

You have not taken this quiz